Biochemical Calculations : How to Solve Mathematical Problems in General Biochemistry

Salvato in:
Dettagli Bibliografici
Autore principale: Segel, Irwin H. (Autore)
Natura: Libro
Lingua:inglese
Pubblicazione: New York : John Wiley & Sons, 1976
Edizione:2nd Edition
Tags: Aggiungi Tag
Nessun Tag, puoi essere il primo ad aggiungerne!!

MARC

LEADER 00000nam a22000003a 4500
001 stu86002
005 20190206124408.6
008 040421s1976----xxu-----------------eng-d
020 |a 0-471-77421-9 
040 |a STU  |b slo 
041 0 |a eng 
044 |a xxu 
080 |a 574.1 
100 1 |a Segel, Irwin H.  |4 aut 
245 1 |a Biochemical Calculations :  |b How to Solve Mathematical Problems in General Biochemistry 
250 |a 2nd Edition 
260 |a New York :  |b John Wiley & Sons,  |c 1976 
300 |a 441 s. Tab.,grafy,index 
996 |b C97338  |c C*97338  |l CCXI  |s P  |a 0  |w stu86002_0001